Patterns of development 1950-1970 / (Record no. 125278)

MARC details
000 -LEADER
fixed length control field 00722nam a22002417a 4500
005 - DATE AND TIME OF LATEST TRANSACTION
control field 20170124105951.0
010 ## - LIBRARY OF CONGRESS CONTROL NUMBER
LC control number 798641
020 ## - INTERNATIONAL STANDARD BOOK NUMBER
Terms of availability 00.00
035 ## - SYSTEM CONTROL NUMBER
System control number 798641
037 ## - SOURCE OF ACQUISITION
Source of stock number/acquisition Cen Lib/Ret
040 ## - CATALOGING SOURCE
Original cataloging agency DPL
Language of cataloging EN
082 ## - DEWEY DECIMAL CLASSIFICATION NUMBER
Classification number 338.9
Item number CHE
100 ## - MAIN ENTRY--PERSONAL NAME
Personal name Chenery,Hollis
9 (RLIN) 13590
245 ## - TITLE STATEMENT
Title Patterns of development 1950-1970 /
Statement of responsibility, etc by Hollis Chenery [and] Moises Syrquin
260 ## - PUBLICATION, DISTRIBUTION, ETC. (IMPRINT)
Place of publication, distribution, etc London
Name of publisher, distributor, etc Oxford university press
Date of publication, distribution, etc 1975
270 ## - ADDRESS
Address London
City London
300 ## - PHYSICAL DESCRIPTION
Extent xvi,234p.
Dimensions 22cm(Hb)
500 ## - GENERAL NOTE
General note Includes bibliographical reference and index
650 ## - SUBJECT ADDED ENTRY--TOPICAL TERM
Topical term or geographic name as entry element Economic development
9 (RLIN) 1481
650 ## - SUBJECT ADDED ENTRY--TOPICAL TERM
Topical term or geographic name as entry element Economic history
9 (RLIN) 6496
700 ## - ADDED ENTRY--PERSONAL NAME
Personal name Syrquin,Moises
9 (RLIN) 13591
942 ## - ADDED ENTRY ELEMENTS (KOHA)
Source of classification or shelving scheme Dewey Decimal Classification
Koha item type English Books
Classification part 338.9
Call number suffix CHE
Holdings
Withdrawn status Lost status Damaged status Not for loan Home library Current library Date acquired Source of acquisition Cost, normal purchase price Total Checkouts Full call number Barcode Date last seen Copy number Cost, replacement price Price effective from Koha item type Public note
Written off       Central Library Central Library 20/06/2015 Cen Lib/Ret 0.00   338.9 CHE 798641 20/06/2015 1 0.00 20/06/2015 English Books Written off on approval by DLB (By Circulation); dtd 15-06-2023

© Delhi Public Library
Hit Counter
free hit counter